Heat transfer (Record no. 60136)

000 -LEADER
fixed length control field 00654nam a22002057a 4500
003 - CONTROL NUMBER IDENTIFIER
control field NUST-PNEC
005 - DATE AND TIME OF LATEST TRANSACTION
control field 20170114142541.0
008 - FIXED-LENGTH DATA ELEMENTS--GENERAL INFORMATION
fixed length control field 140517b xxu||||| |||| 00| 0 eng d
020 ## - INTERNATIONAL STANDARD BOOK NUMBER
International Standard Book Number 0071069674
040 ## - CATALOGING SOURCE
Transcribing agency PNEC
082 ## - DEWEY DECIMAL CLASSIFICATION NUMBER
Classification number 621.4022 HOL
100 ## - MAIN ENTRY--PERSONAL NAME
9 (RLIN) 1
Personal name Holman J P
245 ## - TITLE STATEMENT
Title Heat transfer
Statement of responsibility, etc. J P Holman
250 ## - EDITION STATEMENT
Edition statement 10th ed.
260 ## - PUBLICATION, DISTRIBUTION, ETC.
Place of publication, distribution, etc. New Dehli
Name of publisher, distributor, etc. McGraw-Hill Education (India)Pvt.Ltd.
Date of publication, distribution, etc. c.2011
300 ## - PHYSICAL DESCRIPTION
Extent xiii. 674 p.:
Other physical details ill. :
Dimensions 24 cm.
500 ## - GENERAL NOTE
General note Includes Index http://www.amazon.com/Heat-Transfer-SIE-SI-Units/dp/0071069674/ref=sr_1_1?s=books&ie=UTF8&qid=1400323341&sr=1-1&keywords=0071069674
650 ## - SUBJECT ADDED ENTRY--TOPICAL TERM
General subdivision ME
942 ## - ADDED ENTRY ELEMENTS (KOHA)
Source of classification or shelving scheme
Koha item type Book
Holdings
Withdrawn status Lost status Source of classification or shelving scheme Damaged status Not for loan Permanent Location Current Location Date acquired Source of acquisition Cost, normal purchase price Total Checkouts Full call number Barcode Date last seen Cost, replacement price Price effective from Koha item type Date last checked out
          Pakistan Navy Engineering College (PNEC) Pakistan Navy Engineering College (PNEC) 04/24/2014 ZS Dictionary Shop 1117.00   621.4022 HOL PNECBB-007371 05/17/2014 1117.00 04/24/2014 Book  
          Pakistan Navy Engineering College (PNEC) Pakistan Navy Engineering College (PNEC) 04/24/2014 ZS Dictionary Shop 1117.00   621.4022 HOL PNECBB-007372 05/17/2014 1117.00 04/24/2014 Book  
          Pakistan Navy Engineering College (PNEC) Pakistan Navy Engineering College (PNEC) 04/24/2014 ZS Dictionary Shop 1117.00   621.4022 HOL PNECBB-007373 05/17/2014 1117.00 04/24/2014 Book  
          Pakistan Navy Engineering College (PNEC) Pakistan Navy Engineering College (PNEC) 04/24/2014 ZS Dictionary Shop 1117.00 1 621.4022 HOL PNECBB-007374 04/06/2015 1117.00 04/24/2014 Book 04/06/2015
          Pakistan Navy Engineering College (PNEC) Pakistan Navy Engineering College (PNEC) 04/24/2014 ZS Dictionary Shop 1117.00 1 621.4022 HOL PNECBB-007375 06/02/2016 1117.00 04/24/2014 Book 01/29/2016
          Pakistan Navy Engineering College (PNEC) Pakistan Navy Engineering College (PNEC) 04/24/2014 ZS Dictionary Shop 1117.00   621.4022 HOL PNECBB-007376 05/17/2014 1117.00 04/24/2014 Book  
          Pakistan Navy Engineering College (PNEC) Pakistan Navy Engineering College (PNEC) 04/24/2014 ZS Dictionary Shop 1117.00   621.4022 HOL PNECBB-007377 05/17/2014 1117.00 04/24/2014 Book  
          Pakistan Navy Engineering College (PNEC) Pakistan Navy Engineering College (PNEC) 04/24/2014 ZS Dictionary Shop 1117.00 2 621.4022 HOL PNECBB-007378 06/07/2016 1117.00 04/24/2014 Book 06/07/2016
          Pakistan Navy Engineering College (PNEC) Pakistan Navy Engineering College (PNEC) 04/24/2014 ZS Dictionary Shop 1117.00   621.4022 HOL PNECBB-007379 05/17/2014 1117.00 04/24/2014 Book  
          Pakistan Navy Engineering College (PNEC) Pakistan Navy Engineering College (PNEC) 04/24/2014 ZS Dictionary Shop 1117.00   621.4022 HOL PNECBB-007380 05/17/2014 1117.00 04/24/2014 Book  
          US-Pakistan Center for Advanced Studies in Energy (USPCAS-E) US-Pakistan Center for Advanced Studies in Energy (USPCAS-E) 04/08/2026       621.4022 HOL 2010 CAS-E0005740 04/08/2026   04/08/2026 Book  
          US-Pakistan Center for Advanced Studies in Energy (USPCAS-E) US-Pakistan Center for Advanced Studies in Energy (USPCAS-E) 04/08/2026       621.4022 HOL CAS-E0005741 04/08/2026   04/08/2026 Book  
          US-Pakistan Center for Advanced Studies in Energy (USPCAS-E) US-Pakistan Center for Advanced Studies in Energy (USPCAS-E) 04/08/2026       621.4022 HOL CAS-E0005742 04/08/2026   04/08/2026 Book  
© 2023 Central Library, National University of Sciences and Technology. All Rights Reserved.